| 000 | 02009nam0a2200373 i 4500 | ||
|---|---|---|---|
| 001 | RU\NLR\BIBL_A\010199286 | ||
| 005 | 20260408193529.0 | ||
| 010 |
_a9785990405691 _9100 |
||
| 021 |
_aRU _b2013-105256 _97318 |
||
| 035 | _a(NILC)RuMoRGB-006721707 | ||
| 035 | _a(NLR Aleph) 010199286 | ||
| 090 |
_a10234832 _c10234832 |
||
| 100 | _a20140303d2013 km y0rusy50 ca | ||
| 101 | 0 | _arus | |
| 102 | _aRU | ||
| 105 | _aa|||z|||100yy | ||
| 200 | 1 |
_aПроблемы информатизации региона. ПИР - 2013 _eматериалы XIII Всероссийской научно-практической конференции, 19-20 ноября 2013 года _f[редкол.: Л. Ф. Ноженкова, д. т. н., проф. и др.] |
|
| 210 |
_aКрасноярск _cИВМ СО РАН _d2013 |
||
| 215 |
_a321 с. _cил., цв. ил. _d29 |
||
| 300 | _aВ надзаг.: М-во информатизации и связи Краснояр. края, Администрация г. Красноярска, Ин-т вычисл. моделирования СО РАН [и др.] | ||
| 320 | _aБиблиогр. в конце докл. | ||
| 606 |
_aИнформационные технологии _jСъезды, совещания и т.п _yКрасноярский край _92221599 _3RU\NLR\AUTH\661333960 |
||
| 675 | _a004(082) | ||
| 686 | 1 | _aЗ973.233я431(2) | |
| 686 | 1 | _aУ21(2)9ф.я431 | |
| 702 | 1 |
_aНоженкова _bЛ. Ф. _gЛюдмила Федоровна _4340 |
|
| 711 | 1 | 2 |
_a"Проблемы информатизации региона", всероссийская научно-практическая конференция _d13 _eКрасноярск _f2013 _9393717 _3RU\NLR\AUTH\880363362 |
| 801 | 0 |
_aRU _bRuMoRKP _c20131226 _gRCR |
|
| 801 | 2 |
_aRU _bРГБ _c20140130 _grcr |
|
| 942 | _cBOOK | ||
| 980 | _aNBR | ||